|
|
|
|
| LEADER |
01200cam a2200349 7i4500 |
| 001 |
0000016129 |
| 005 |
20190515090000.0 |
| 008 |
070710 eng |
| 020 |
|
|
|a 9780071106696
|
| 020 |
|
|
|a 0073263184 (hbk.)
|
| 020 |
|
|
|a 0071109374 (pbk.)
|
| 020 |
|
|
|a 9780071109376
|
| 020 |
|
|
|a 007286611X (hbk.)
|
| 020 |
|
|
|a 9780072866117
|
| 020 |
|
|
|a 9780073263182
|
| 020 |
|
|
|a 0071106693 (pbk.)
|
| 090 |
0 |
0 |
|a TK454
|b .H39 2007
|
| 100 |
1 |
|
|a Hayt, William H
|
| 245 |
1 |
0 |
|a Engineering circuit analysis
|c William H. Hayt, Jack E. Kemmerly, Steven M. Durbin.
|
| 250 |
|
|
|a 7th ed.
|
| 260 |
|
|
|a Boston:
|b McGraw-Hill Higher Education,
|c 2007.
|
| 300 |
|
|
|a xxiii, 856 p.:
|b col. ill.;
|c 26 cm.
|
| 500 |
|
|
|a Includes index
|
| 650 |
0 |
0 |
|a Electric circuit analysis
|
| 650 |
0 |
0 |
|a Electric network analysis
|
| 700 |
1 |
|
|a Kemmerly, Jack E
|
| 700 |
1 |
|
|a Durbin, Steven M
|
| 997 |
|
|
|a Engineering & Life Sciences, Faculty
|b Engineering, Department
|
| 998 |
|
|
|a Electrical Engineering, Degree
|
| 998 |
|
|
|a Electronics Engineering, Degree
|
| 999 |
|
|
|a 0000018086
|b BOK
|c OPEN SHELF
|e 1st Floor, Bestari Jaya
|
| 999 |
|
|
|a 0000019491
|b BOK
|c OPEN SHELF
|e 2nd Floor, Bestari Jaya
|